00811 2200277 4500001002100000005001700021008004100038035002400079090001900103100001200122245010300134250001100237260003100248300001800279500006000297500002700357650003600384700001100420700002100431850001500452980001500467985000600482999001500488999001500503999001500518YOGYA-0209000002205020090227023614.0 ind  0010-020900000022050 a658.301bStr M aSTRAUSS aManajemen personaliabsegi manusia dalam organisasicStrauss, Sayles ; penerjemah, Magdalena Yamin aCet. 1 aYogyakartabKanisiusc1981 a...jilc21 cm aJudul asli : personnel the human problems of management aYang diterima : Jil. 1 aManajemen Pegawai - Perencanaan aSayles aYamin, Magdalena aYOPDYOG(B) a12-28-2006 a3 a06A0015796 a06A0015797 a06A0015798